France Les films les plus diffusés à la télévision - Statistiques

Statistiques générales
  • Ce quiz a été pris 98 fois
  • Le résultat moyen est 28 sur 111
Statistiques - réponses
Nombre
de diffusions
Année Indice Réalisateur Initiales Film % Correct
44 1987 Plongée Besson LGB Le grand bleu
61%
48 1967 Gaulois Goscinny/Uderzo ALG Astérix le Gaulois
60%
53 1995 Petit Africain Ocelot KELS Kirikou et la sorcière
59%
31 2004 Verne Coraci LTDME80J Le tour du monde en 80 jours
52%
32 1992 Dinosaures Spielberg JP Jurassic Park
51%
38 1980 Marceau Pinoteau LB La Boum
49%
32 1993 Prénom Besson L Léon
49%
44 1979 Ecole Zidi LSD Les sous-doués
49%
37 1985 Futuriste Zemeckis RVLF Retour vers le futur
48%
32 2003 Préhistoire Chabat R RRRRRRR
48%
48 1968 Gaulois Goscinny/Uderzo AEC Astérix et Cléopâtre
45%
42 1981 Vacances scolaires Zidi LSDEV Les sous-doués en vacances
45%
33 1989 Futuriste Zemeckis RVLF2 Retour vers le futur 2
44%
32 1935 Usine Chaplin LTM Les temps modernes
41%
31 1967 Récompense Molinaro O Oscar
41%
38 1985 Enseignants Schulmann P PROFS
41%
33 1982 Soirée Pinoteau LB2 La Boum 2
40%
36 1969 Morricone Leone IEUFDLO Il était une fois dans l'ouest
39%
40 2003 Un de trop Desagnat/Sorriaux L11C Les 11 commandements
39%
51 1975 Gaulois Goscinny/Uderzo LDTDA Les douze travaux d'Astérix
39%
36 1964 Jean Marais Hunebelle F Fantomas
38%
35 1969 Congélation Molinaro H Hibernatus
37%
61 2004 Petit Africain Ocelot/Galup KELBS Kirikou et les bêtes sauvages
35%
46 1966 De Funès Besnard LGR Le grand restaurant
35%
43 1989 Besson Besson N Nikita
35%
37 1982 Japonais ? Zidi B Banzaï
34%
54 1982 Coluche Yanne DHMLQAJC Deux heures moins le quart avant Jésus-Christ
34%
31 1978 Travesti Molinaro LCAF La cage aux folles
34%
34 1987 Grizzly Annaud LO L'Ours
34%
32 2007 Pas belle Benes/Mauduit V Vilaine
34%
37 1977 Mésentente Zidi LZ La Zizanie
33%
44 1970 Conte Demy PDA Peau d'âne
33%
32 1972 Soulier sombre Robert LGBAUCN Le grand blond avec une chaussure noire
32%
40 1994 Gaulois Hahn AELI Astérix et les Indiens
29%
33 1994 Unions et mort Newell 4ME1E 4 mariages et 1 enterrement
28%
35 1971 Diminutif Girault J Jo
28%
32 1961 Enfants Robert LGDB La guerre des boutons
28%
43 1956 Paris Autant-Lara LTDP La traversée de Paris
28%
37 1973 Belmondo De Broca LM Le Magnifique
28%
34 1955 Vienne Marischka S Sissi
28%
31 1986 Pilote Scott TG Top gun
28%
46 1985 Gaulois Van Lamsweerde ACLB Astérix chez les Bretons
27%
32 1993 Ca va couper ! Berberian LCDLP La cité de la peur
27%
33 2000 Building Nemes LTMI La tour Montparnasse infernale
27%
45 1987 Groseille Chatiliez LVEULFT La vie est un long fleuve tranquille
27%
35 1989 Provence Robert LCDMM Le château de ma mère
27%
36 1971 Drôles de soldats Zidi LBEF Les bidasses en folie
27%
39 1989 Provence Robert LGDMP La gloire de mon père
26%
34 1963 Janeiro De Broca LHDR L'homme de Rio
26%
33 1956 Vienne Marischka SI Sissi impératrice
26%
35 1989 Méchante Chatiliez TD Tatie Danielle
26%
32 1977 Boisson Kurys DM Diabolo menthe
24%
42 1968 David Niven Oury LC Le Cerveau
24%
49 1985 Powell Jugnot ST Scout toujours
24%
34 2000 Banlieue Zeitoun Y Yamakasi
24%
35 1993 Mousquetaire Tavernier LFDDA La fille de d'Artagnan
23%
33 1967 Bateau Dhéry LPB Le petit baigneur
23%
33 1973 Nobody Valerii MNEP Mon nom est personne
23%
36 1982 Fric Molinaro P100BTAPR Pour 100 briques t'as plus rien
23%
47 1985 Gaulois Brizzi AELSDC Astérix et la surprise de César
22%
37 1963 Fleur Christian-Jaque LTN La tulipe noire
22%
31 1951 Curé vs Maire Duvivier LPMDDC Le petit monde de Don Camillo
22%
57 1996 Match Farrugia D1Y0 Delphine 1 Yvan 0
21%
45 1979 Belmondo Lautner FOV Flic ou Voyou
21%
35 1984 Spectres Reitman SF SOS Fantômes
21%
42 1961 Bandit De Broca C Cartouche
20%
35 1976 Victoire Besnard LJDG Le jour de gloire
20%
42 1967 Gabin Lautner LP Le Pacha
20%
36 2001 Egypte Sommers LRDLM Le retour de la momie
20%
31 1967 Repos Girault LGV Les grandes vacances
20%
32 1982 Vietnam Kotcheff R Rambo
20%
31 1964 Reporter belge Condroyer TELOB Tintin et les oranges bleues
20%
46 1969 Reporter belge Leblanc TELTDS Tintin et le temple du soleil
20%
34 1989 Insaisissable Hunebelle FCSY Fantomas contre Scotland yard
18%
35 1965 De Funès Hunebelle FSD Fantomas se déchaine
18%
36 1974 Drôles de soldats Zidi LBSEVEG Les bidasses s'en vont en guerre
18%
33 1965 Pas de dispute Lautner NNFP Ne nous fâchons pas
18%
33 1956 Vienne Marischka SFASD Sissi face à son destin
18%
33 1971 Vente Tchernia LV Le Viager
17%
45 1972 Reporter belge Leblanc TELLAR Tintin et le lac aux requins
17%
31 2004 Gaulois Fjeldmark AELV Astérix et les vikings
16%
35 1978 Caboche Annaud CDT Coup de tête
16%
31 1974 Bel homme Robert LRDGB Le retour du grand blond
16%
32 1957 Hugo Le Chanois LM Les Misérables
16%
33 1961 Reporter belge Vierne TELMDLTDO Tintin et le mystère de la toison d'or
16%
42 1988 Gaulois Grimondi AELCDM Astérix et le coup du menhir
15%
42 1972 Sportifs ? Zidi LFDS Les fous du stade
15%
41 1960 Cape et d'épée Hunebelle LC Le Capitan
13%
32 1973 Bins Zidi LGB Le grand bazar
13%
31 1963 Poussin Girault PP Pouic-Pouic
13%
33 1990 Viande en boite Poiré PCB Opération corned-beef
12%
33 1984 Rancunier Oury LVDSAP La vengeance du serpent à plume
11%
31 1964 Noble Borderie AMDA Angélique, marquise des Anges
10%
38 1999 Hugh Michell CDFANH Coup de foudre à Notting Hill
10%
31 1972 Trop calmes Lautner QMTT Quelques messieurs trop tranquilles
9%
31 1969 Résidence Giovanni DDC Dernier domicile connu
7%
33 2003 Club Norrington LLDGE La ligue des gentlemen extraordinaires
7%
42 1997 Impératif Cornuau B Bouge !
6%
31 1973 Duel Giovanni DHDLV Deux hommes dans la ville
6%
36 1972 Western Clucher OCALAT On continue à l'appeler Trinita
6%
32 2004 Destruction Giglio C Chaos
5%
38 1972 Comédie Girault LCFLE Les charlots font l'Espagne
5%
35 1989 Canard avare Brizzi LTDLLP Le trésor de la lampe perdue
5%
32 1966 Etat américain Hathaway NS Nevada Smith
5%
39 1971 Western Clucher ALAT On l'appelle Trinita
5%
32 1996 Femmes Krawczyk H Héroïnes
4%
32 1973 Western Colizzi MOLAP Maintenant on l'appelle Plata
4%
33 1977 Poulets Clucher DSF Deux super flics
2%
33 1985 Floride Corbucci LSFDM Les super flics de Miami
2%
31 2006 Monstres Ivernel/Hemmen CDD Chasseurs de dragons
1%
37 1974 Biopic Klein MATG Muhammad Ali the greatest
1%
Aucun quiz correspondant
Distribution des résultats
% des personnes avec chaque résultat
Percentile par nombre de réponses
Votre historique - résultats
Vous n’avez pas pris ce quiz